000 00694cam a22002415a 4500
001 L159354
008 161014s2013 xxk f 000 0 eng d
020 _a97804155277798
035 _a(Sirsi) u159354
041 0 _aeng
050 0 4 _a690.23
100 1 _aMyers, Danny
245 0 0 _aConstruction economics
_ba new approach
250 _a3rd ed
260 _aAbingdon
_bRoutledge
_c2013
300 _aix, 336p;25 cm
520 _aExplains the principles and concepts underlying the relationship between economic theory and the construction industry.
590 _aKA
650 2 4 _aECONOMICS
651 4 _aUnited Kingdom
_y
690 _aConstruction management
_96230
942 _n0
999 _c115830
_d115830